000 01826nam0a2200313 4500
001 RU\NLR\bibl\77646
005 20260407021807.0
010 _a5-211-00049-0
_9150
021 _aRU
_b1998-25496
_91216
035 _a(NLR Aleph) 000075803
090 _a420100
_c420100
100 _a20000330d1998 |||y0rusy50 ca
101 0 _arus
102 _aRU
105 _ay |||||||||
200 1 _aСборник докладов и выступлений на Всероссийском совещании по теме: "Основные итоги работы государственной службы по карантину растений за 1997 год и задачи на 1998 год"
_e[2-5 марта 1998 г.]
210 _aМ.
_cБ.и.
_aЛипецк
_cЛипец. изд-во Госкомпечати РФ
_d1998
215 _a78 с.
_d21
300 _aВ надзаг.: Гос. инспекция по карантину растений М-ва сел. хоз-ва и продовольствия Рос. Федерации
606 0 _aКарантин сельскохозяйственных растений
_jСборники
_yРоссия
_91255833
_3RU\NLR\auth\66514789
606 0 _aСельскохозяйственные растения
_jСборники
_xКарантин
_yРоссийская Федерация
_92146692
_3RU\NLR\auth\661293247
686 _aП415.1я43
710 1 2 _4070
_aВсероссийское совещ. по теме "Основные итоги работы гос. службы по карантину растений за 1997 г. и задачи на 1998 г."
_f1998
_eМосква
_3RU\NLR\AUTH\8810006828
_9511181
801 0 _aRU
_bNLR
_c20000330
_gPSBO
801 1 _aRU
_bNLR
_c20000330
852 _aNLR
_j99-4/9502
942 _cBOOK
980 _aNB